000 00465nam a2200181Ia 4500
005 20250326142526.0
008 250326s9999 xx 000 0 und d
037 _aTextbook
040 _aFMSL
_beng
_cFMSL
041 _aeng
_2eng
084 _qFMSL
100 _aSimpson Alan
245 0 _aAdvanced technique in DbaseIIIPlus.
_cSimpson Alan; ..
260 _aB
_bB, PB publications.
_c1986
300 _a477..
942 _cTB
999 _c1295444
_d1295444